|
|
|
|
| LEADER |
00000nab a2200000 a 4500 |
| 001 |
vtls009342075 |
| 003 |
SK-MaSNL |
| 005 |
20260304170801.0 |
| 008 |
250506c2008 xo |||||||||||000 b|slo |
| 015 |
|
|
|a SNBRB2008/10
|2 snkbucl
|
| 035 |
|
|
|a (uuid)d5ffea6f-1cf4-4870-b648-c8d4be6498ce
|
| 035 |
|
|
|a urn:nbn:sk:snk-ab13c7
|
| 035 |
|
|
|a (urnnbn)urn:nbn:sk:snk:ar-a03v0o
|
| 038 |
|
|
|a SNKBUCL
|
| 040 |
|
|
|a SNKBUCL
|b slo
|c SNKBUCL
|e AACR2
|
| 041 |
0 |
|
|a slo
|
| 044 |
|
|
|a xo
|c SK
|
| 080 |
|
|
|a 579.61:578
|2 1997
|
| 080 |
|
|
|a 578
|2 1997
|
| 080 |
|
|
|a 616.9-022.6
|2 1997
|
| 245 |
0 |
0 |
|a Medicínska virológia: status quo
|c F. Lešník ... [et al.]
|
| 300 |
|
|
|b Obr.
|
| 650 |
0 |
7 |
|a lekárska virológia
|2 snkbucl
|9 50742
|
| 650 |
0 |
7 |
|a vírusy chrípky A
|2 snkbucl
|9 922455
|
| 650 |
0 |
7 |
|a Ebola vírus
|2 snkbucl
|9 23585
|
| 650 |
0 |
7 |
|a retrovírusy
|2 snkbucl
|9 18375
|
| 650 |
0 |
7 |
|a výskumy
|2 snkbucl
|9 322799
|
| 700 |
1 |
|
|a Lešník, František,
|d 1942-
|4 aut
|9 85681
|
| 700 |
1 |
|
|a Luptáková, Lenka,
|d 1978-
|4 aut
|9 181168
|
| 700 |
1 |
|
|a Petrovová, Eva,
|d 1979-
|4 aut
|9 198361
|
| 700 |
1 |
|
|a Pavlová, S.
|4 aut
|9 830369
|
| 773 |
0 |
|
|t Slovenský veterinársky časopis = Slovak veterinary journal
|g Roč. XXXIII, č. 4 (2008), s. 222-224
|x 1335-0099
|
| 850 |
|
|
|a Slovenská národná knižnica
|
| 852 |
|
|
|a Slovenská národná knižnica
|
| 954 |
|
|
|a odborná, vedecká literatúra pôvodná (slovenská)
|2 lita
|
| 958 |
|
|
|a article27
|
| 958 |
|
|
|a MI
|
| 958 |
|
|
|a OND
|
| 958 |
|
|
|a EUIPO
|
| 999 |
|
|
|c 2990254
|d 2992184
|